ბათუმის შოთა რუსთაველის სახელმწიფო უნივერსიტეტის ბიბლიოთეკა

სამხრეთ-დასვლეთ საქართველოს სამეცნიერო კვლევითი ცენტრი. კრებული. IV. (ბიბ.ჩანაწერი № 51141)

000 -LEADER
fixed length control field 01194nam a2200229Ia 4500
001 - CONTROL NUMBER
control field 18098
003 - CONTROL NUMBER IDENTIFIER
control field GE_BSU
008 - FIXED-LENGTH DATA ELEMENTS--GENERAL INFORMATION
fixed length control field 181216s||||||||xx |||||||||||||| ||und||
020 ## - INTERNATIONAL STANDARD BOOK NUMBER
International Standard Book Number ISSN 1512-2212
040 ## - CATALOGING SOURCE
Transcribing agency GE_BSU
080 ## - UNIVERSAL DECIMAL CLASSIFICATION NUMBER
Universal Decimal Classification number 81(082)+94(479.223)
245 ## - TITLE STATEMENT
Title სამხრეთ-დასვლეთ საქართველოს სამეცნიერო კვლევითი ცენტრი. კრებული. IV.
245 ## - TITLE STATEMENT
Statement of responsibility, etc. ტომის რედ. მ. ფაღავა., ე. მაკარაძე
250 ## - EDITION STATEMENT
Edition statement ბათუმის შოთა რუსთაველის სახ-ფო უნ-ტი. სამხრეთ-დასავლეთ საქართველოს სამეცნიერო კვლევითი ცენტრი
260 ## - PUBLICATION, DISTRIBUTION, ETC.
Place of publication, distribution, etc. ბათუმი
260 ## - PUBLICATION, DISTRIBUTION, ETC.
Name of publisher, distributor, etc. ბათუმის უნივერსიტეტი
260 ## - PUBLICATION, DISTRIBUTION, ETC.
Date of publication, distribution, etc. 2005
300 ## - PHYSICAL DESCRIPTION
Extent 178გვ.27სმ.
653 ## - INDEX TERM--UNCONTROLLED
Uncontrolled term საქართველოს განათლებისა და მეცნიერების სამინისტრო. კრებული. V.
942 ## - ADDED ENTRY ELEMENTS (KOHA)
Koha item type წიგნი
ეგზემპლარები
Withdrawn status Lost status Damaged status Not for loan Date acquired Barcode Date last seen Price effective from Koha item type
        2018-12-17 46176 2018-12-17 2018-12-17 წიგნი